000 00378nam a2200133Ia 4500
008 171205s9999 xx 000 0 und d
020 _a9789719349181
100 _aAbeleda Nelson S>
245 _cNelson S. Abeleda
_aSimplified Accounting for Partnership and Corporation
250 _a2012 ed.
260 _bNelson Publications
_c2009
300 _a364 pages
440 _vvol 2
999 _c347374
_d347374